000 01450nam a2200301 i 4500
001 135642
003 ES-MaACL
005 20250407170755.0
007 t|
008 070720q1948 sp ||||1| spa d
100 1 _aTorrejón y Boneta, Angel de.
_9110812
245 1 0 _aMapa Agronómico Nacional... Hoja nº 604. Villaluenga. Memoria /
_cAngel de Torrejón y Boneta.
260 _aMadrid :
_bTall. del Instituto Geográfico y Catastral,
_c1948.
300 _a110 p., 4 graf. pleg. con 1 lám. :
_bil., 2 map. sueltos n. 604 ;
_c24 cm.
500 _aEs el n. 3.
500 _aPrecede al tít.: Ministerio de Agricultura. Consejo Agronómico.
505 _aContiene:
_t1. Villaluenga. Mapa Agronómico Nacional de España. Masas de cultivos y forestales. 604
_t2. Villaluenga. Mapa Agronómico Nacional de España. Zonas de Suelos. 604
510 _aCCPB,
_c001207568-X
650 0 4 _aAgricultura-
_zEspaña-
_vMapas.
_99681
710 2 _aConsejo Agronómico (España)
_95717
852 _aES-MaACL
_jD-6576
_bR.30933
_bR.M.6167
_9140547
_cSVI
_fSello en tinta azul de la Biblioteca del Ateneo de Madrid
852 _aES-MaACL
_jMAP-ARG/10-1
_bR.30933
_9204706
_cPLANERO
852 _aES-MaACL
_jMAP-ARG/10-2
_bR.30933
_9204707
_cPLANERO
942 _2udc
_cMONOGRAFIA
999 _c135642
_d135642